LEADER 01124nam a2200301 i 4500 001 000000253622 003 CaOOAMICUS 005 20170405000000.0 008 170405s2006 it u000 u ita u 013 $a232527 020 $a978-88-8054-774-7 040 $aSeMil$bita 100 1 $aSica, Mario,$d<1936- >.$0(OLS)http://semarc/name/3327 245 10$aStoria dello scautismo in Italia /$cMario Sica. 250 $a4. ed. 260 $aRoma :$bFiordaliso,$c2006. 300 $a493 p. :$bill. ;$c22 cm. 490 0 $aTracce. Radici 490 0 $aTracce 650 4$aScoutismo - Italia.$0(OLS)http://semarc/subject/20890 830 0$aTracce. Radici.$0(OLS)http://semarc/title/400349 830 0$aTracce.$0(OLS)http://semarc/title/11408 850 $aSeMil 852 $aSeMil$W1$xVenegono$y1$m3E II 362/A$j203968$B203968$CSeMilBibl$Z2$F218024 $81 961 $aOmaggio: Lorenzi don Ugo 996 $6020$a978-88-8054-774-7$9(OLS)http://semarc/number/276480 996 $6245$aStoria dello scautismo in Italia$9(OLS)http://semarc/title/92235 996 $6260$aRoma :$bFiordaliso$9(OLS)http://semarc/publisher/34198 LEADER 01105nam a2200265 4500 001 000000352878 003 CaOOAMICUS 005 20230207104849.0 008 230207s2021 it 000 u ita r 020 $a978-88-922270-6-4 040 $aSeMil$bita 100 1 $aLorenzi, Annalisa.$0(OLS)http://semarc/name/117111 245 13$aLa Santa Inedia :$bvivere solo di Cristo /$cAnnalisa Lorenzi. 264 1$aCinisello Balsamo :$bSan Paolo,$c2021. 300 $a109 p. ;$c19 cm 490 1 $aMiracoli e prodigi 500 $aDistribuito con i settimanali: Famiglia Cristiana, Credere, Maria con te 650 4$aMiracoli.$0(OLS)http://semarc/subject/4250 830 0$aMiracoli e prodigi.$0(OLS)http://semarc/title/442822 850 $aSeMil 852 $aSeMil$W1$xVenegono$y1$m2C I 196$j237100$B244100$CSeMilBibl$Z2$F244100 $81 996 $6020$a978-88-922270-6-4$9(OLS)http://semarc/number/297606 996 $6245$aLa Santa Inedia :$bvivere solo di Cristo$9(OLS)http://semarc/title/442823 996 $6264$aCinisello Balsamo :$bSan Paolo$9(OLS)http://semarc/publisher/30129